000 00522nam a2200193Ia 4500
005 20250326143157.0
008 250326s9999 xx 000 0 und d
020 _a81-900026-3-5
037 _aTextbook
040 _aFMSL
_beng
_cFMSL
041 _aeng
_2eng
084 _aX65 M7
_qFMSL
100 _aAgarwal R N
245 0 _aCorporate investment and ficing behaviour
_cAgarwal R N
260 _aDelhi
_bDelhi, Commonwealth
_c1987
300 _a247p
942 _cTB
_hX65 M7
999 _c1298462
_d1298462